000 00669nam a2200205 i 4500
001 177134
003 ES-MaACL
005 20250717063052.0
008 110304s1965 sp |||| | spa d
080 _a821.134.2-32"19"
100 1 _aSastre, Alfonso,
_d1926-
_9103915
245 1 3 _aEl paralelo 38 /
_cAlfonso Sastre.
260 _a[Madrid] :
_bLNP,
_c1965.
300 _a90 p. ;
_c17 cm.
490 1 _aLa Novela popular contemporánea, inédita española ;
_v8
830 0 _aLa Novela popular contemporánea, inédita española ;
_v8
_9188024
852 _aES-MaACL
_jE-14556
_xOlim P-213-Ter
852 _aES-MaACL
_jP-409-2
999 _c177134
_d177134